Loading...

Indias Human rights regime, a comprehensive presentation Part 2

Bibliographic Details
Main Author: Sinha, P C
Format: Printed Book
Published: Newdelhi, Kanishka Publishers 2003
Subjects:
LEADER 005240000a22001570004500
020 |a 81-7391-550-4 
082 |a 305.41 SIN 
100 |a Sinha, P C  |9 140507 
245 |a Indias Human rights regime, a comprehensive presentation Part 2 
260 |a Newdelhi, Kanishka Publishers 
260 |c 2003 
650 |a Criminal law  |9 140508 
650 |a Human rights  |9 140509 
942 |c BK 
999 |c 178448  |d 178444 
952 |0 0  |1 0  |4 0  |6 305_410000000000000_SIN  |7 0  |9 176905  |a SES  |b SES  |d 2019-05-16  |l 0  |o 305.41 SIN  |p SES02055  |r 2019-05-16  |w 2019-05-16  |y BK